George Eliot's life as related in her letters and journals / (Record no. 85786)
[ view plain ]
| 000 -LEADER | |
|---|---|
| fixed length control field | 00741cam0a220019300 4500 |
| 001 - CONTROL NUMBER | |
| control field | tmp15350411 |
| 003 - CONTROL NUMBER IDENTIFIER | |
| control field | UPRA |
| 005 - DATE AND TIME OF LATEST TRANSACTION | |
| control field | 20190816100823.0 |
| 008 - FIXED-LENGTH DATA ELEMENTS--GENERAL INFORMATION | |
| fixed length control field | 950801s1885 stk eng u |
| 035 ## - SYSTEM CONTROL NUMBER | |
| System control number | (Sirsi) r125573 |
| 035 ## - SYSTEM CONTROL NUMBER | |
| System control number | (UPRA)tmp15350411 |
| 040 ## - CATALOGING SOURCE | |
| Transcribing agency | UPRA |
| 100 1# - MAIN ENTRY--PERSONAL NAME | |
| Personal name | Eliot, George, 1819-1880. |
| Dates associated with a name | Eliot, George, 1819-1880. |
| Linkage | A31433.1 |
| 245 10 - TITLE STATEMENT | |
| Title | George Eliot's life as related in her letters and journals / |
| Statement of responsibility, etc. | arranged and ed. by her husband, J.W. Cross. |
| 260 ## - PUBLICATION, DISTRIBUTION, ETC. | |
| Place of publication, distribution, etc. | Edinburgh : |
| Name of publisher, distributor, etc. | Blackwood, |
| Date of publication, distribution, etc. | ca. 1885. |
| 700 1# - ADDED ENTRY--PERSONAL NAME | |
| Personal name | Cross, J. W. (John Walter), 1840-1924. |
| Fuller form of name | Cross, J. W. (John Walter), 1840-1924. |
| Dates associated with a name | Cross, J. W. (John Walter), 1840-1924. |
| Linkage | A93940.1 |
| 949 ## - LOCAL PROCESSING INFORMATION (OCLC) | |
| a | PR4681 |
| w | lcc |
| i | -180322 |
| m | MAIN |
| t | BOOK |
| l | ON-SHELF |
No items available.